000 00441nam a2200169Ia 4500
003 LK-CoDNM
005 20240726130950.0
008 010623t1938 xxu||||| |||| 00| 1 eng d
040 _aLK-CoDNM
_dLK-CoDNM
_eLK-CoDNM
041 _aeng
080 _a14
_bDD47
100 _aCoomaraswamy,Ananda.K.
245 _aThe new Orient Asiatic Art
260 _bThe new Orient Society of America
_c1938
300 _b15p. : ill ; 23 cm
942 _cBK
999 _c98873
_d98873